000 00524nam a22001937a 4500
003 SISC
005 20160304141750.0
008 121112t xxu||||| |||| 00| 0 eng d
020 _a0-17-443469-3
050 _aPR 2807
_b.Sh527ha 1997
082 _aHS 822.33S7
_bSh1 1982
245 _aHamlet /
_c[William Shakespeare] ; edited by Harold Jenkins.
260 _aCroatia :
_bMethuen & Co. Ltd.,
_c1997.
300 _axvii, 574 p. :
_c20 cm.
562 _e1
650 _aHamlet
_913050
942 _2lcc
_cBK
999 _c9277
_d9277